| 000 | 01233nam a2200253Ia 4500 | ||
|---|---|---|---|
| 999 |
_c49249 _d49249 |
||
| 001 | 16163 | ||
| 003 | GE_BSU | ||
| 005 | 20190920100637.0 | ||
| 008 | 181216s2015|||| |||||||||||||| ||geo|| | ||
| 020 | _a9789941462061 | ||
| 040 | _cGE_BSU | ||
| 041 | _ageo | ||
| 080 | _a1(479.22) მ-44 | ||
| 100 |
_aმახარაძე, მიხეილ. _9382 |
||
| 245 |
_aძიებანი ქართული ფილოსოფიის თემებზე / _cმიხეილ მახარაძე ; რედ : თ. მთიბელაშვილი . |
||
| 260 | _c2015 | ||
| 264 |
_aბათუმი : _bბათუმის შოთა რუსთაველის სახელმწიფო უნ-ტი, _c2015. |
||
| 300 |
_a174 გვ. _c21 სმ. |
||
| 653 | _aფილოსოფია | ||
| 653 | _aძიებანი ქართული ფილოსოფიის თემებზე | ||
| 700 |
_aმთიბელაშვილი , თ _94154 |
||
| 710 |
_eბათუმის შოთა რუსთაველის სახელმწიფო უნ-ტი ფილოსოფიის დეპარტამენტი _94155 |
||
| 942 |
_cBK _2udc |
||